[Event "AUTO-ADV-3062"]
[Site "http://www.queenalice.com/game.php?id=1251573"]
[Date "2014.1.26"]
[Round "1"]
[White "areis"]
[Black "wmalone"]
[Result "1-0"]
[WhiteElo "1907"]
[BlackElo "1793"]

1. e4 c5 2. Nc3 Nc6 3. g3 d6 4. Bg2 Nf6 5. d3 e5 6. Bg5 Be7 7. Nge2 Be6 8. O-O
O-O 9. f4 Nd4 10. f5 Bd7 11. Bxf6 Nxe2+ 12. Qxe2 Bxf6 13. Nd5 Bc6 14. Ne3 Qc7
15. Qh5 g6 16. fxg6 fxg6 17. Qh6 Qg7 18. Qxg7+ Bxg7 19. Rxf8+ Rxf8 20. Rf1 Rxf1+
21. Kxf1 Kf8 22. Bh3 Ke7 23. Ke2 h5 24. Nd5+ Bxd5 25. exd5 g5 26. Be6 Bf6 27. h3
b6 28. b3 b5 29. Kf3 a5 30. a3 Bg7 31. Ke4 Bf6 32. Kf5 h4 33. g4 b4 34. a4 Bh8
35. Kxg5 Bf6+ 36. Kh5 Kf8 37. g5 Be7 38. Kxh4 Kg7 39. Kh5 Kh7 40. h4 Kg7 41. Kg4
Kg6 42. h5+ Kh7 43. Kf5 Kg7 44. h6+ Kh7 45. Bf7 1-0

[Event "AUTO-ADV-3062"]
[Site "http://www.queenalice.com/game.php?id=1251574"]
[Date "2014.1.26"]
[Round "1"]
[White "wmalone"]
[Black "areis"]
[Result "0-1"]
[WhiteElo "1782"]
[BlackElo "1918"]

1. d4 Nf6 2. c4 e6 3. Nf3 d6 4. Bg5 Be7 5. Nc3 Nbd7 6. e4 O-O 7. Bd3 c6 8. O-O
Qc7 9. Rc1 e5 10. d5 Qb6 11. Na4 Qa5 12. b3 cxd5 13. Bd2 Qd8 14. cxd5 b6 15. Nc3
Nc5 16. Bb1 Ba6 17. Ne2 Nfxe4 18. Bxe4 Nxe4 19. Re1 Bg5 20. Bxg5 Nxg5 21. Nxg5
Qxg5 22. Ng3 Rac8 23. Ne4 Qe7 24. Qd2 h6 25. Qb4 Rxc1 26. Rxc1 Rd8 27. Rc6 Bb7
28. Rxd6 Rxd6 29. Qxd6 Qxd6 30. Nxd6 Bxd5 31. f3 a5 32. Kf2 Be6 33. Ne4 Kf8 34.
Ke3 Ke7 35. Nc3 f5 36. Nb5 Kd7 37. Nc3 g5 38. g3 Kc6 39. Kd3 b5 40. Kc2 Bd5 41.
Nxd5 Kxd5 42. Kd3 h5 43. h3 b4 44. Ke3 g4 45. hxg4 hxg4 46. fxg4 fxg4 47. Kd3
e4+ 48. Ke3 Ke5 49. Kf2 Kd4 0-1

[Event "AUTO-ADV-3062"]
[Site "http://www.queenalice.com/game.php?id=1251585"]
[Date "2014.1.26"]
[Round "1"]
[White "ebpap123"]
[Black "wmalone"]
[Result "1/2-1/2"]
[WhiteElo "1884"]
[BlackElo "1789"]

1. d4 d5 2. c4 c5 3. dxc5 e6 4. cxd5 exd5 5. b4 Nc6 6. a3 Nf6 7. e3 Be7 8. g3
O-O 9. Bg2 Be6 10. Nf3 Ne4 11. O-O Bf6 12. Ra2 d4 13. Re2 d3 14. Ree1 Bc4 15.
Nfd2 Nxd2 16. Nxd2 Ne5 17. Nxc4 Nxc4 18. Bd2 Rb8 19. Qc1 Nxd2 20. Qxd2 Qd7 21.
Be4 Rbd8 22. Rd1 Qc7 23. Bxd3 Kh8 24. Qc2 g6 25. Be2 Rde8 26. Bf3 Bg7 27. Rd5
Rd8 28. Rxd8 Rxd8 29. Rd1 Re8 30. Qd3 Qe7 31. Qd7 Bb2 32. a4 Ba3 33. Rb1 b6 34.
Qxe7 Rxe7 35. Rb3 Bc1 36. cxb6 axb6 37. b5 Bd2 38. Rd3 Ba5 39. Rd8+ Kg7 40. Ra8
Re5 41. Kf1 Rc5 42. Bd1 Rc1 43. Ke2 Ra1 44. Bb3 Rb1 45. Bd1 Rb2+ 46. Kf1 Rb1 47.
Ke2 Rb2+ 48. Kf1 Rb1 49. Ke2 Rb2+ 50. Kf1 Rd2 51. Be2 Ra2 52. Bd1 Ra1 53. Ke2
Ra2+ 54. Kf1 Ra1 55. Ke2 1/2-1/2

[Event "AUTO-ADV-3062"]
[Site "http://www.queenalice.com/game.php?id=1251586"]
[Date "2014.1.26"]
[Round "1"]
[White "wmalone"]
[Black "ebpap123"]
[Result "0-1"]
[WhiteElo "1805"]
[BlackElo "1797"]

1. d4 Nf6 2. c4 e6 3. Nf3 Nc6 4. Bg5 Be7 5. Nc3 d6 6. e3 a6 7. Bd3 Bd7 8. O-O
O-O 9. Rc1 Na7 10. e4 b5 11. Be3 bxc4 12. Bxc4 Nb5 13. Bd3 Nxc3 14. Rxc3 Bb5 15.
Qc2 h6 16. Bxb5 axb5 17. Rxc7 Rxa2 18. Rc3 d5 19. Qb3 Ra5 20. e5 Ne4 21. Rcc1
Qb8 22. Qd3 b4 23. Nd2 Nxd2 24. Bxd2 Rb5 25. b3 Rb7 26. Rce1 Rc8 27. Qg3 Kh8 28.
Re3 Bg5 29. Re2 Bxd2 30. Rxd2 Rc3 31. Rd3 Rxd3 32. Qxd3 Rc7 33. Qf3 Kg8 34. Re1
Rc3 35. Re3 Rc1+ 0-1

[Event "AUTO-ADV-3062"]
[Site "http://www.queenalice.com/game.php?id=1251591"]
[Date "2014.1.26"]
[Round "1"]
[White "solzhenitsyn"]
[Black "wmalone"]
[Result "1-0"]
[WhiteElo "1860"]
[BlackElo "1765"]

1. d4 d5 2. c4 c5 3. Nf3 Nf6 4. e3 Nc6 5. Nc3 Bg4 6. Be2 e6 7. h3 Bh5 8. g4 Bg6
9. cxd5 Nxd5 10. Nxd5 exd5 11. Qb3 Qd7 12. Ne5 Nxe5 13. dxe5 c4 14. Qc3 a5 15.
O-O Bb4 16. Qd4 Rc8 17. a3 Bc5 18. Qf4 O-O 19. Bd2 Be7 20. Bc3 a4 21. Rad1 Bc2
22. Rd2 Bb3 23. e4 Rcd8 24. Rxd5 Qc6 25. Rxd8 Rxd8 26. Qf5 Qe6 27. Qxe6 fxe6 28.
f4 Bc5+ 29. Kg2 b6 30. f5 Bc2 31. Rf4 Be3 32. Rf1 Bxe4+ 33. Kg3 Bd3 34. Bxd3
cxd3 35. Rd1 exf5 36. gxf5 Kf7 37. e6+ Ke7 38. Bxg7 Bg5 39. h4 Bf6 40. Bxf6+
Kxf6 41. Kf4 Rd5 42. Ke4 Rxf5 43. Rxd3 Kxe6 44. Rd6+ Kxd6 45. Kxf5 1-0

[Event "AUTO-ADV-3062"]
[Site "http://www.queenalice.com/game.php?id=1251592"]
[Date "2014.1.26"]
[Round "1"]
[White "wmalone"]
[Black "solzhenitsyn"]
[Result "1/2-1/2"]
[WhiteElo "1762"]
[BlackElo "1842"]

1. d4 Nf6 2. c4 e6 3. Nf3 Bb4+ 4. Nc3 O-O 5. Bg5 Nc6 6. e3 d5 7. Bd3 Be7 8. O-O
dxc4 9. Bxc4 a6 10. Bd3 Nb4 11. Be2 Nfd5 12. Nxd5 Nxd5 13. Bxe7 Qxe7 14. Rc1 f6
15. e4 Nf4 16. Bc4 b5 17. Bb3 Bb7 18. Re1 Rfd8 19. g3 Nh3+ 20. Kg2 Ng5 21. Nxg5
fxg5 22. Qg4 Kh8 23. Qd1 Rd7 24. Kg1 Rad8 25. d5 c6 26. Qg4 cxd5 27. exd5 Bxd5
28. Bxd5 Rxd5 29. Qxe6 Qxe6 30. Rxe6 a5 31. Re2 h6 32. Kg2 Kh7 33. Rec2 b4 34.
b3 Rd2 35. Kf1 Rd1+ 36. Rxd1 Rxd1+ 37. Kg2 Rd3 38. Kf1 Rd1+ 39. Kg2 1/2-1/2

[Event "OS INCLIVEIS"]
[Site "http://www.queenalice.com/game.php?id=1256085"]
[Date "2014.2.13"]
[Round "-"]
[White "adelio"]
[Black "wmalone"]
[Result "1-0"]
[WhiteElo "1950"]
[BlackElo "1771"]

1. d4 d5 2. e4 dxe4 3. Nc3 Nf6 4. f3 exf3 5. Nxf3 Bg4 6. h3 Bh5 7. g4 Bg6 8. Bg5
e6 9. a3 Be7 10. Bd3 Bxd3 11. Qxd3 Nbd7 12. Ne4 O-O 13. Ne5 Nxe5 14. dxe5 Nd5
15. h4 Bxg5 16. hxg5 Qe7 17. Qh3 f5 18. Qxh7+ Kf7 19. Qh5+ g6 20. Qh7+ Ke8 21.
Qxg6+ Kd7 22. Rh7 1-0

[Event "AUTO-ADV-3103"]
[Site "http://www.queenalice.com/game.php?id=1265764"]
[Date "2014.3.17"]
[Round "1"]
[White "MSchatz"]
[Black "wmalone"]
[Result "1-0"]
[WhiteElo "2002"]
[BlackElo "1726"]

1. e4 c5 2. Nf3 Nc6 3. d4 cxd4 4. Nxd4 Nf6 5. Nxc6 bxc6 6. Nc3 e5 7. Bd3 Be7 8.
O-O O-O 9. b3 d5 10. exd5 cxd5 11. Bb2 e4 12. Be2 Be6 13. Qc1 Rc8 14. Nb5 a5 15.
Nd4 Qd7 16. Qd1 Bc5 17. Kh1 Bxd4 18. Bxd4 Qe7 19. f3 Qc7 20. Rc1 Nh5 21. Bf2
exf3 22. Bxf3 Nf6 23. Bg3 Qd8 24. Bh4 Rc5 25. Qd4 Rb5 26. Bxf6 gxf6 27. Be2 Rb4
28. Qxf6 Qc7 29. Bd3 Qd8 30. Qh6 Rh4 31. Qf6 Qxf6 32. Rxf6 Rb4 33. Rh6 Kg7 34.
Rxh7+ Kf6 35. Rf1+ Ke7 36. Re1 Rg4 37. Bf5 1-0

[Event "AUTO-ADV-3103"]
[Site "http://www.queenalice.com/game.php?id=1265765"]
[Date "2014.3.17"]
[Round "1"]
[White "wmalone"]
[Black "MSchatz"]
[Result "0-1"]
[WhiteElo "1721"]
[BlackElo "2020"]

1. d4 d5 2. c4 e6 3. Nf3 Bb4+ 4. Nc3 Bxc3+ 5. bxc3 dxc4 6. Bf4 Nf6 7. Bg5 h6 8.
Bh4 O-O 9. Qc2 Nbd7 10. e4 Qe8 11. Bxc4 b6 12. e5 Nh5 13. Be2 Nf4 14. O-O Nxe2+
15. Qxe2 Bb7 16. Rac1 f5 17. exf6 Nxf6 18. Ne5 Nd7 19. Nxd7 Qxd7 20. Bg3 a5 21.
Rfd1 Qd5 22. f3 Ba6 23. Qe5 Qxe5 24. Bxe5 Rac8 25. c4 Bb7 26. c5 Bd5 27. a3 b5
28. Rb1 c6 29. Re1 Rf5 30. Re3 Kh7 31. f4 Rcf8 32. Rg3 h5 33. Rxg7+ Kh6 34. Ra7
Rg8 35. Rb2 a4 36. Re2 Rg6 37. Ra8 Rf7 38. Rh8+ Rh7 39. Rf2 Rxh8 40. Bxh8 Rg4
41. Be5 h4 42. Rd2 Kh5 43. Rf2 Rg8 44. f5 exf5 45. Rxf5+ Rg5 46. Rxg5+ Kxg5 47.
h3 Kf5 48. Kf2 Ke4 49. g4 hxg3+ 50. Kxg3 b4 51. axb4 a3 52. Bf4 a2 0-1

[Event "AUTO-ADV-3103"]
[Site "http://www.queenalice.com/game.php?id=1265778"]
[Date "2014.3.17"]
[Round "1"]
[White "blackwolf"]
[Black "wmalone"]
[Result "1-0"]
[WhiteElo "1780"]
[BlackElo "1753"]

1. d4 d5 2. c4 c5 3. Nc3 Nf6 4. Nf3 Nc6 5. Bg5 e6 6. e3 Be7 7. Be2 O-O 8. O-O a6
9. a3 b6 10. Qd3 Bb7 11. Bd1 cxd4 12. Nxd4 dxc4 13. Qxc4 Rc8 14. Qd3 Nxd4 15.
exd4 b5 16. Bc2 Nd5 17. Bxe7 Qxe7 18. Qxh7# 1-0

[Event "AUTO-ADV-3103"]
[Site "http://www.queenalice.com/game.php?id=1265779"]
[Date "2014.3.17"]
[Round "1"]
[White "wmalone"]
[Black "blackwolf"]
[Result "1-0"]
[WhiteElo "1717"]
[BlackElo "1795"]

1. d4 d5 2. c4 dxc4 3. e4 c5 4. d5 e6 5. Bxc4 g6 6. Nc3 Bg7 7. Nf3 Ne7 8. Bg5
O-O 9. d6 h6 10. Bxe7 Qe8 11. Bxf8 Bxf8 12. Bb5 Nc6 13. Bxc6 Qxc6 14. e5 Bd7 15.
O-O Bg7 16. a4 f6 17. Nb5 fxe5 18. Nc7 Rc8 19. Nb5 Qb6 20. Nh4 Kh7 21. Nc7 Bf8
22. Qd3 Qxd6 23. Qxg6+ Kh8 24. Qf6+ Bg7 25. Ng6+ Kh7 26. Qf7 Qxc7 27. Nh4 Be8
28. Qxe6 b6 29. Qf5+ Kh8 30. Rac1 Rd8 31. Qe6 Kh7 32. b4 Bf7 33. Qf5+ Kh8 34.
bxc5 bxc5 35. Qe4 Rd4 36. Ng6+ Kg8 37. Qa8+ Kh7 38. Nf8+ Bxf8 39. Qxf8 Rd8 40.
Qxc5 Qxc5 41. Rxc5 Rd7 42. Rxe5 Bc4 43. Rfe1 Rd2 44. Re7+ Kg6 45. Rxa7 Be2 46.
Re7 Bg4 47. f3 Bc8 48. a5 Rd6 49. Ra7 Kf5 50. Ra1 h5 51. a6 Bxa6 52. R7xa6 Rxa6
53. Rxa6 1-0

[Event "AUTO-ADV-3103"]
[Site "http://www.queenalice.com/game.php?id=1265786"]
[Date "2014.3.17"]
[Round "1"]
[White "Fauquinelle"]
[Black "wmalone"]
[Result "1-0"]
[WhiteElo "1987"]
[BlackElo "1738"]

1. e4 c5 2. Nf3 Nc6 3. Bb5 d6 4. d4 cxd4 5. Nxd4 Bd7 6. Nxc6 bxc6 7. Bc4 Nf6 8.
b3 e6 9. O-O Nxe4 10. Re1 d5 11. Bd3 Bb4 12. Re3 Nc3 13. Qg4 Qe7 14. Bb2 O-O 15.
Nxc3 e5 16. Qe2 e4 17. Qh5 g6 18. Nxd5 cxd5 19. Qxd5 Qd8 20. Rxe4 a5 21. Bc4 Qc7
22. Qd4 Bf5 23. Qh8# 1-0

[Event "AUTO-ADV-3103"]
[Site "http://www.queenalice.com/game.php?id=1265787"]
[Date "2014.3.17"]
[Round "1"]
[White "wmalone"]
[Black "Fauquinelle"]
[Result "0-1"]
[WhiteElo "1732"]
[BlackElo "1993"]

1. d4 d5 2. c4 c6 3. Nc3 Nf6 4. Nf3 dxc4 5. e4 b5 6. Be2 e6 7. Bg5 Be7 8. O-O h6
9. Bh4 Ba6 10. a3 Nbd7 11. Rc1 Bb7 12. e5 Nd5 13. Bxe7 Qxe7 14. Ne4 O-O 15. Nd6
Rab8 16. Qd2 f6 17. Qa5 fxe5 18. dxe5 Nxe5 19. Nxb7 Nxf3+ 20. Bxf3 Rxb7 21. Qd2
Qf6 22. Rce1 Rbf7 23. Qe2 Qg5 24. Kh1 Rxf3 25. gxf3 Nf4 26. Qe5 Qg2# 0-1

[Event "OS INCLIVEIS"]
[Site "http://www.queenalice.com/game.php?id=1279984"]
[Date "2014.5.8"]
[Round "-"]
[White "adelio"]
[Black "wmalone"]
[Result "0-1"]
[WhiteElo "1797"]
[BlackElo "1697"]

1. b4 d5 2. b5 c5 3. bxc6 Nxc6 4. Bb2 e5 5. g3 Nf6 6. Nf3 e4 7. Ng5 Bd6 8. Nxf7
Kxf7 9. e3 Rf8 10. Be2 Bh3 11. a3 Kg8 12. Ra2 Kh8 13. c4 d4 14. exd4 Qe7 15. Bc3
e3 16. dxe3 Ne4 17. Bf1 Nxf2 18. Rxf2 Qxe3+ 19. Re2 Qh6 20. Bd2 Qh5 21. Bc3 Bxf1
22. Rxf1 Qh3 23. Rg1 Rae8 24. Qd3 Qxh2 25. Rxe8 Qxg1+ 26. Kd2 Rxe8 27. Kc2 Qxg3
28. Qf1 Rf8 29. Qd1 Rf2+ 30. Kb3 h6 31. Ka4 Qf3 32. Qb3 b6 33. d5 Ne5 34. Nd2
Qe3 35. Bxe5 Qxb3+ 36. Nxb3 Bxe5 37. c5 bxc5 38. Nxc5 Bc7 39. Na6 Rf4+ 40. Kb5
Bb6 41. a4 Rd4 42. Nb4 h5 43. Nc6 Rxd5+ 44. Ka6 h4 45. Ne7 Rd4 46. a5 Ra4 47.
Nc6 Rxa5+ 48. Nxa5 Bxa5 49. Kxa5 h3 50. Ka6 h2 51. Kxa7 h1=Q 52. Kb6 Qc1 53. Kb5
g5 54. Kb6 g4 55. Kb5 Qc3 56. Kb6 g3 57. Kb5 g2 58. Kb6 g1=Q+ 59. Kb7 Qb1+ 60.
Ka8 Qca1# 0-1

[Event "OS INCLIVEIS"]
[Site "http://www.queenalice.com/game.php?id=1279985"]
[Date "2014.5.8"]
[Round "-"]
[White "adelio"]
[Black "wmalone"]
[Result "1-0"]
[WhiteElo "1814"]
[BlackElo "1709"]

1. d4 d5 2. e4 c5 3. b3 e6 4. e5 Nc6 5. Nf3 Nge7 6. Bg5 Qd7 7. a4 Ng6 8. h4 Be7
9. h5 Nf8 10. g4 Bxg5 11. Nxg5 cxd4 12. Bb5 Qe7 13. Qd2 Nd7 14. Bxc6 bxc6 15.
Nf3 c5 16. Na3 Ba6 17. Nb5 Bxb5 18. axb5 O-O 19. Ke2 Nb6 20. g5 Qc7 21. Rag1 Nd7
22. h6 Nxe5 23. hxg7 Nxf3 24. Kxf3 Kxg7 25. Kg2 Qe5 26. g6 fxg6 27. Qh6+ Kf7 28.
Qxh7+ Ke8 29. Qxg6+ Ke7 30. Rh7+ Kd6 31. Kf1 Qf5 32. Qg3+ Qf4 33. Qxf4+ Rxf4 34.
Rgg7 a5 35. Rd7+ Ke5 36. b6 d3 37. cxd3 Rb4 38. b7 Rb8 39. Rc7 Rb5 40. Rhf7 Rxb3
41. Rxc5 R3xb7 42. Rxb7 Rxb7 43. Rxa5 Rb3 44. Ke2 Rb2+ 45. Ke3 Rb6 46. f4+ Kf5
47. Ra8 Rb7 48. Rf8+ Kg6 49. Kd4 Rb5 50. Ke5 Kg7 51. Rf6 Rb6 52. f5 1-0

[Event "OS INCLIVEIS"]
[Site "http://www.queenalice.com/game.php?id=1279986"]
[Date "2014.5.8"]
[Round "-"]
[White "wmalone"]
[Black "adelio"]
[Result "0-1"]
[WhiteElo "1723"]
[BlackElo "1780"]

1. d4 d5 2. c4 c5 3. Nf3 Nc6 4. Nc3 Nf6 5. Bf4 e6 6. Bg5 h6 7. Bh4 g5 8. Bg3 Ne4
9. Nxe4 dxe4 10. Ne5 Nxd4 11. e3 Qa5+ 12. Qd2 Nc2+ 13. Kd1 Qxd2+ 14. Kxd2 Nxa1
15. Be2 Bg7 16. Rxa1 Bxe5 17. Bxe5 Rh7 18. Kc3 Bd7 19. Rd1 h5 20. h3 a6 21. Rd6
b5 22. b3 b4+ 23. Kb2 a5 24. Bf6 g4 25. hxg4 hxg4 26. Bxg4 a4 27. Bh3 axb3 28.
axb3 Ra7 29. Rd1 Rh6 30. Bg5 Rg6 31. Bf4 f5 32. Rd6 Rg8 33. Rb6 Kf7 34. Be5 Rga8
35. Kc2 Kg6 36. Rd6 Kg5 37. Rd1 Be8 38. Rd6 Bf7 39. Rd1 Ra2+ 40. Kb1 Rxf2 41.
Rd7 Bg6 42. Bf4+ Kh4 43. Re7 Rf1+ 44. Kb2 Rfa1 45. Rxe6 R8a2# 0-1

[Event "Challenge"]
[Site "http://www.queenalice.com/game.php?id=1283628"]
[Date "2014.5.23"]
[Round "-"]
[White "wmalone"]
[Black "obelisksoldier"]
[Result "1-0"]
[WhiteElo "1726"]
[BlackElo "1962"]

1. d4 Nf6 2. c4 g6 3. Nc3 Bg7 4. e4 d6 5. Nf3 O-O 6. Bd3 Na6 7. O-O c5 8. d5 Ng4
9. h3 Ne5 10. Nxe5 Bxe5 11. Bh6 Re8 12. Qf3 Bd7 13. Rab1 Nb4 14. a3 Nxd3 15.
Qxd3 e6 16. b4 g5 17. f4 Bxf4 18. Ne2 Be5 19. Qd2 f6 20. Rf3 Kh8 21. Ng3 Bxg3
22. Rxg3 Rg8 23. h4 gxh4 24. Rxg8+ Qxg8 25. Qf4 Qg6 26. Qxh4 Rg8 27. Rb2 exd5
28. cxd5 Bg4 29. bxc5 Bf3 30. g3 Qxg3+ 31. Qxg3 Rxg3+ 32. Kf2 Rg2+ 33. Kxf3 Rxb2
34. cxd6 Rb3+ 35. Kf4 Rb6 36. Bf8 Rxd6 37. Bxd6 h5 38. Be7 Kg7 39. d6 Kf7 40.
Kg3 Ke6 41. Kh4 b5 42. Kxh5 a5 43. Kg6 b4 44. axb4 axb4 45. Bxf6 Kxd6 46. Bb2
Ke6 47. e5 b3 48. Kg5 Kf7 49. Kf5 Ke7 50. e6 Kf8 51. Kf6 Ke8 52. e7 Kd7 53. Kf7
1-0

[Event "Challenge"]
[Site "http://www.queenalice.com/game.php?id=1284332"]
[Date "2014.5.27"]
[Round "-"]
[White "obelisksoldier"]
[Black "wmalone"]
[Result "1-0"]
[WhiteElo "1802"]
[BlackElo "1736"]

1. Nf3 d5 2. g3 c5 3. Bg2 Nf6 4. O-O Nc6 5. d3 e6 6. c3 Be7 7. Nbd2 O-O 8. e4
dxe4 9. dxe4 e5 10. Qc2 Be6 11. Ng5 Nd7 12. Nxe6 fxe6 13. Bh3 Rf6 14. Nc4 b5 15.
Ne3 Qf8 16. Nd5 exd5 17. Bxd7 d4 18. Qb3+ c4 19. Qxb5 Rb8 20. Qxc4+ 1-0

[Event "AUTO-ADV-3178"]
[Site "http://www.queenalice.com/game.php?id=1291514"]
[Date "2014.6.30"]
[Round "1"]
[White "wmalone"]
[Black "balu"]
[Result "1-0"]
[WhiteElo "1734"]
[BlackElo "1794"]

1. d4 d5 2. c4 Bf5 3. Nc3 e6 4. Qb3 b6 5. cxd5 exd5 6. Qxd5 Qxd5 7. Nxd5 Nc6 8.
e3 O-O-O 9. Bc4 Be4 10. Nf4 g5 11. f3 Bg6 12. Nxg6 fxg6 13. Ne2 Bb4+ 14. Nc3 Nf6
15. O-O Ba5 16. Ba6+ Kd7 17. Bd2 Nb4 18. Bb5+ c6 19. Be2 Kc7 20. Rac1 h5 21. Be1
Rhe8 22. Bf2 Nfd5 23. Nxd5+ Rxd5 24. a3 Ra8 25. axb4 Bxb4 26. e4 Ra5 27. d5 Bc5
28. b4 Bxf2+ 29. Kxf2 Ra4 30. Rxc6+ Kd7 31. Rxg6 Rf8 32. Bb5+ 1-0

[Event "AUTO-ADV-3178"]
[Site "http://www.queenalice.com/game.php?id=1291515"]
[Date "2014.6.30"]
[Round "1"]
[White "balu"]
[Black "wmalone"]
[Result "1-0"]
[WhiteElo "1770"]
[BlackElo "1740"]

1. e4 c5 2. Bc4 Nc6 3. Nf3 d6 4. d4 cxd4 5. Nxd4 Nf6 6. Nc3 e6 7. Bg5 Be7 8.
Bxf6 Bxf6 9. Nxc6 bxc6 10. O-O Rb8 11. f4 O-O 12. e5 dxe5 13. Qxd8 Rxd8 14. fxe5
Bxe5 15. Rfe1 Bd4+ 16. Kh1 Rxb2 17. Ne2 Bf6 18. Bd3 Rb6 19. Rab1 Rxb1 20. Rxb1
g6 21. h3 Bd7 22. Rb7 a5 23. Ng3 c5 24. c4 Bc6 25. Rc7 Bxg2+ 26. Kxg2 Rxd3 27.
Ne4 Bd4 28. Ng5 Rd2+ 29. Kf1 Rf2+ 30. Ke1 Rf5 31. h4 Bf2+ 32. Ke2 Bxh4 33. Nf3
Bg3 34. Ra7 Rf4 35. Ng5 Bh4 36. Nh3 Rxc4 37. Rxa5 Be7 38. Kd3 Rb4 39. Nf2 1-0

[Event "AUTO-ADV-3178"]
[Site "http://www.queenalice.com/game.php?id=1291516"]
[Date "2014.6.30"]
[Round "1"]
[White "wmalone"]
[Black "agilulfo"]
[Result "0-1"]
[WhiteElo "1748"]
[BlackElo "1806"]

1. d4 Nf6 2. c4 c5 3. d5 e6 4. Nc3 exd5 5. cxd5 d6 6. e4 g6 7. Nf3 Bg7 8. Bg5
Bg4 9. Be2 O-O 10. O-O Re8 11. h3 Bxf3 12. Bxf3 a6 13. Qb3 b5 14. Rac1 b4 15.
Na4 Nbd7 16. Kh1 Nb6 17. Nxb6 Qxb6 18. Bxf6 Bxf6 19. Bg4 Rxe4 20. Bf3 Ree8 21.
Rce1 Rxe1 22. Rxe1 a5 23. a3 a4 24. Qc2 b3 25. Qc4 Bd4 26. Kg1 Bxb2 27. Qf4 Bxa3
28. Re7 Rf8 29. Qxa4 Qb4 30. Re4 Qxa4 31. Rxa4 b2 32. Be4 Bb4 33. Ra6 Re8 34. f3
Rxe4 35. fxe4 b1=Q+ 0-1

[Event "AUTO-ADV-3178"]
[Site "http://www.queenalice.com/game.php?id=1291517"]
[Date "2014.6.30"]
[Round "1"]
[White "agilulfo"]
[Black "wmalone"]
[Result "1-0"]
[WhiteElo "1853"]
[BlackElo "1752"]

1. d4 d5 2. c4 c5 3. cxd5 e6 4. dxe6 Bxe6 5. Nf3 Nc6 6. dxc5 Qxd1+ 7. Kxd1 Bxc5
8. e3 Rd8+ 9. Nfd2 Nf6 10. Bb5 O-O 11. Nc3 Nb4 12. Ke2 Bg4+ 13. f3 Bh5 14. Nde4
Nxe4 15. Nxe4 a6 16. Nxc5 axb5 17. Nxb7 Rc8 18. Rd1 Bg6 19. e4 Rc2+ 20. Kf1 f5
21. e5 Re8 22. Rd8 Rxd8 23. Nxd8 Nd3 24. Be3 Nxe5 25. b3 Nd3 26. Ne6 Bf7 27. Nd4
Rc5 28. Ke2 Nb4 29. a3 Nc2 30. Rc1 Nxd4+ 31. Kd3 Rxc1 32. Bxc1 Nxb3 33. Bb2 Bc4+
34. Kc3 Na5 35. a4 g6 36. axb5 Bxb5 37. Kb4 Bf1 38. Kxa5 Bxg2 39. f4 Kf7 40. Kb5
Ke6 41. Kc4 h6 42. Kd3 g5 43. fxg5 1-0

[Event "AUTO-ADV-3178"]
[Site "http://www.queenalice.com/game.php?id=1291518"]
[Date "2014.6.30"]
[Round "1"]
[White "wmalone"]
[Black "Feanzeli"]
[Result "0-1"]
[WhiteElo "1751"]
[BlackElo "2075"]

1. d4 d5 2. c4 e6 3. Nf3 Nf6 4. Bg5 Be7 5. Nc3 O-O 6. e3 c6 7. Be2 Nbd7 8. O-O
h6 9. Bf4 Nh5 10. Be5 f6 11. Bg3 Nxg3 12. hxg3 f5 13. cxd5 cxd5 14. Rc1 a6 15.
Bd3 Bg5 16. Ne2 b5 17. Nf4 Nb6 18. Nh3 Bf6 19. Nh4 Bxh4 20. gxh4 Qxh4 21. Nf4
Qf6 22. Rc6 Rb8 23. Rc7 Rf7 24. Rc6 Bd7 25. Rc7 Be8 26. Rxf7 Bxf7 27. Qc2 Rc8
28. Qb3 g5 29. Ne2 Qe7 30. Rc1 Rxc1+ 31. Nxc1 Qc7 32. Ne2 Nc4 33. Nc3 f4 34.
Bxc4 dxc4 35. Qd1 fxe3 36. fxe3 Qg3 37. Qe2 Bg6 38. Qf3 Qxf3 39. gxf3 b4 40. Na4
Be8 41. Nc5 c3 42. Nd3 c2 43. Kf2 h5 44. Kg3 h4+ 45. Kh3 Kg7 46. f4 Bg6 47. Nc1
Bf5+ 48. Kg2 g4 0-1

[Event "AUTO-ADV-3178"]
[Site "http://www.queenalice.com/game.php?id=1291519"]
[Date "2014.6.30"]
[Round "1"]
[White "Feanzeli"]
[Black "wmalone"]
[Result "1-0"]
[WhiteElo "2002"]
[BlackElo "1717"]

1. d4 d5 2. Nf3 c5 3. Bg5 Nf6 4. e3 e6 5. Bd3 Be7 6. Nbd2 O-O 7. c3 c4 8. Bc2
Nc6 9. O-O Bd7 10. Ne5 Nxe5 11. dxe5 Ne8 12. Bxe7 Qxe7 13. Qh5 g6 14. Qh6 Ng7
15. f4 Qc5 16. Rf3 f5 17. Rh3 Nh5 18. g4 fxg4 19. Rxh5 Qxe3+ 20. Kh1 Rf7 21.
Bxg6 Rg7 22. Bxh7+ Kf8 23. Rg5 Qxd2 24. Qxg7+ Ke8 25. Qg8+ 1-0

[Event "Challenge"]
[Site "http://www.queenalice.com/game.php?id=1292498"]
[Date "2014.7.5"]
[Round "-"]
[White "ORNELAS"]
[Black "wmalone"]
[Result "0-1"]
[WhiteElo "1652"]
[BlackElo "1712"]

1. e4 c5 2. Bc4 Nc6 3. c3 d6 4. d3 Nf6 5. Bg5 e6 6. Nf3 Be7 7. Nbd2 O-O 8. O-O
a6 9. a3 b5 10. Bb3 Bb7 11. c4 bxc4 12. dxc4 Na5 13. Bc2 Bc6 14. b4 cxb4 15.
axb4 Nb7 16. Rc1 e5 17. Ba4 Bd7 18. c5 Bxa4 19. Qxa4 dxc5 20. bxc5 Nxc5 21. Qc4
Rc8 22. Qa2 h6 23. Bxh6 gxh6 24. Nxe5 Ncxe4 25. Nxe4 Nxe4 26. Rxc8 Qxc8 27. Ng6
Re8 0-1